[Event "Olimpiada Calviá 2004"]
[Site "Calviá ESP"]
[Date "2004.10.26"]
[Round "11.26"]
[White "Mahjoob, Morteza"]
[Black "Volkmann, Friedrich"]
[Result "1/2-1/2"]
[WhiteElo "2455"]
[BlackElo "2454"]
[PlyCount "40"]
[EventDate "2004.10.15"]
[EventType "team"]
[EventRounds "14"]
[EventCountry "ESP"]
[Source "lmi"]
[SourceDate "2004.10.27"]

1. e4 e5 2. Nf3 Nf6 3. Nxe5 Nxe4 4. Qe2 Qe7 5. Qxe4 d6 6. d4 dxe5 7. dxe5 Nc6
8. Bb5 Bd7 9. Nc3 Qb4 10. Bc4 O-O-O 11. Bxf7 Qxe4+ 12. Nxe4 Nxe5 13. Bb3 Bc6
14. f3 Bxe4 15. fxe4 Bb4+ 16. Ke2 Rhe8 17. c3 Bc5 18. Be3 Nd3 19. Rad1 Rxe4 20.
Rxd3 Rxd3 1/2-1/2

[Event "Olimpiada Calviá 2004"]
[Site "Calviá ESP"]
[Date "2004.10.26"]
[Round "11.26"]
[White "Danner, Georg"]
[Black "Moradiabadi, Elshan"]
[Result "1-0"]
[WhiteElo "2436"]
[BlackElo "2445"]
[PlyCount "97"]
[EventDate "2004.10.15"]
[EventType "team"]
[EventRounds "14"]
[EventCountry "ESP"]
[Source "lmi"]
[SourceDate "2004.10.27"]

1. d4 Nf6 2. Nf3 e6 3. e3 c5 4. Bd3 b6 5. O-O Bb7 6. c4 g6 7. Nc3 Bg7 8. dxc5
bxc5 9. e4 O-O 10. Bg5 d6 11. Qd2 Nc6 12. Rad1 Qd7 13. Bh6 Nd4 14. Nxd4 cxd4
15. Ne2 e5 16. Ng3 Ne8 17. Bxg7 Nxg7 18. f4 f6 19. f5 g5 20. b4 h5 21. Qe2 h4
22. Nh1 Qe8 23. Rc1 Rc8 24. Rc2 Nh5 25. g3 hxg3 26. hxg3 Ng7 27. c5 d5 28. Nf2
Qe7 29. exd5 Bxd5 30. Bc4 Rfd8 31. Ne4 Ne8 32. Bxd5+ Rxd5 33. Qd3 Rc7 34. g4
Qd8 35. Rh2 Rf7 36. Rf3 Kf8 37. Rh8+ Ke7 38. Qa6 Qd7 39. Rxe8+ Kxe8 40. Nxf6+
Rxf6 41. Qxf6 Qf7 42. Qc6+ Qd7 43. Qg6+ Qf7 44. c6 Rd8 45. c7 Rc8 46. Rh3 Qxg6
47. fxg6 Rxc7 48. Rh8+ Ke7 49. Rh7+ 1-0

[Event "Olimpiada Calviá 2004"]
[Site "Calviá ESP"]
[Date "2004.10.26"]
[Round "11.26"]
[White "Ghorbani, Mohsen"]
[Black "Lehner, Oliver"]
[Result "0-1"]
[WhiteElo "2343"]
[BlackElo "2420"]
[PlyCount "106"]
[EventDate "2004.10.15"]
[EventType "team"]
[EventRounds "14"]
[EventCountry "ESP"]
[Source "lmi"]
[SourceDate "2004.10.27"]

1. d4 Nf6 2. c4 g6 3. Nc3 Bg7 4. e4 d6 5. Be2 O-O 6. Nf3 e5 7. O-O Na6 8. Be3
Ng4 9. Bg5 Qe8 10. h3 h6 11. Bc1 Nf6 12. dxe5 dxe5 13. Be3 Qe7 14. Re1 c6 15.
Qc1 Kh7 16. a3 Nc5 17. Qc2 Nh5 18. Rad1 Ne6 19. Bf1 Qf6 20. Rd6 Re8 21. Qd2 Bf8
22. c5 Bxd6 23. cxd6 Rd8 24. Rd1 Nef4 25. Nh2 Ng7 26. g3 Nxh3+ 27. Bxh3 Bxh3
28. f4 Ne8 29. Qf2 Rxd6 30. Re1 Rad8 31. Nf3 exf4 32. gxf4 Qe6 33. Kh2 Bg4 34.
Ne5 Bh5 35. Qg3 f6 36. Nf3 Qg4 37. e5 Rd3 38. Qxg4 Bxg4 39. Kg3 Bxf3 40. Kxf3
fxe5 41. fxe5 Ng7 42. Ke2 Nf5 43. Bxa7 Rd2+ 44. Kf1 Ng3+ 45. Kg1 Rxb2 46. Bf2
Rc2 47. Na4 Nf5 48. Nc5 Rdd2 49. Ne4 Re2 50. e6 Rxe1+ 51. Bxe1 Re2 52. Nf6+ Kg7
53. Bc3 Rxe6 0-1

[Event "Olimpiada Calviá 2004"]
[Site "Calviá ESP"]
[Date "2004.10.26"]
[Round "11.27"]
[White "Cvitan, Ognjen"]
[Black "Vasquez, Rodrigo"]
[Result "1/2-1/2"]
[WhiteElo "2532"]
[BlackElo "2546"]
[PlyCount "91"]
[EventDate "2004.10.15"]
[EventType "team"]
[EventRounds "14"]
[EventCountry "ESP"]
[Source "lmi"]
[SourceDate "2004.10.27"]

1. c4 e6 2. d4 Nf6 3. Nf3 d5 4. g3 Bb4+ 5. Bd2 Be7 6. Bg2 O-O 7. O-O c6 8. Qb3
Nbd7 9. Bb4 b6 10. Bxe7 Qxe7 11. Nc3 Bb7 12. cxd5 Nxd5 13. Nxd5 cxd5 14. Rfc1
Rfc8 15. e3 Qd8 16. Bf1 Nf6 17. Qa3 Ne4 18. Ba6 Bxa6 19. Qxa6 Rc7 20. a4 Rac8
21. Rxc7 Rxc7 22. a5 bxa5 23. Qxa5 g6 24. Kg2 Qb8 25. Nd2 Nd6 26. b3 Kg7 27.
Ra2 h5 28. h4 Qc8 29. Nf3 Qb7 30. Ng5 Qb6 31. Qxb6 axb6 32. Ra6 Nc8 33. Ra8 Kf6
34. Nf3 Nd6 35. Ra6 Rc2 36. Ng5 Nc8 37. Nf3 Rb2 38. Ra8 Nd6 39. Ra7 Nf5 40. Ne5
Nh6 41. Rb7 Rxb3 42. Rxb6 Rxb6 43. Nd7+ Ke7 44. Nxb6 Nf5 45. Na4 f6 46. Nc3
1/2-1/2

[Event "Olimpiada Calviá 2004"]
[Site "Calviá ESP"]
[Date "2004.10.26"]
[Round "11.27"]
[White "Rojas, Luis"]
[Black "Zelcic, Robert"]
[Result "0-1"]
[WhiteElo "2385"]
[BlackElo "2531"]
[PlyCount "90"]
[EventDate "2004.10.15"]
[EventType "team"]
[EventRounds "14"]
[EventCountry "ESP"]
[Source "lmi"]
[SourceDate "2004.10.27"]

1. e4 c5 2. Nf3 g6 3. d4 cxd4 4. Nxd4 Bg7 5. Nc3 Nc6 6. Nb3 Nf6 7. Be2 O-O 8.
O-O a5 9. a4 Nb4 10. Bg5 h6 11. Be3 d5 12. e5 Ne4 13. Nxe4 dxe4 14. Qxd8 Rxd8
15. Bb6 Rf8 16. Bxa5 Nxc2 17. Rac1 Nd4 18. Nxd4 Rxa5 19. Bb5 Bxe5 20. Rc4 Ra8
21. Re1 f5 22. Rb4 Bd6 23. Rb3 Kg7 24. Rd1 Kf6 25. Rc3 Rd8 26. Rcc1 Bd7 27. b3
e5 28. Bxd7 exd4 29. Bb5 d3 30. Bc4 Ba3 31. Rb1 Bb4 32. Ra1 Ke5 33. Ra2 Rd6 34.
Raa1 b6 35. Rab1 Rc8 36. Ra1 Rdc6 37. Rab1 Kd4 38. Rbc1 f4 39. Rb1 Rxc4 40.
bxc4 Kxc4 41. Rbc1+ Bc3 42. Rxc3+ Kxc3 43. Rc1+ Kd2 44. Rxc8 Ke2 45. Rc4 d2 0-1

[Event "Olimpiada Calviá 2004"]
[Site "Calviá ESP"]
[Date "2004.10.26"]
[Round "11.27"]
[White "Dizdar, Goran"]
[Black "Llorens, Marcelo"]
[Result "0-1"]
[WhiteElo "2535"]
[BlackElo "2375"]
[PlyCount "66"]
[EventDate "2004.10.15"]
[EventType "team"]
[EventRounds "14"]
[EventCountry "ESP"]
[Source "lmi"]
[SourceDate "2004.10.27"]

1. d4 d5 2. c4 c6 3. Nf3 Nf6 4. Nc3 a6 5. a4 e6 6. Bg5 Bb4 7. e3 Qa5 8. Bxf6
gxf6 9. Rc1 Nd7 10. Bd3 f5 11. O-O Rg8 12. c5 Qd8 13. Ne2 Ba5 14. Nf4 Qf6 15.
g3 Qh6 16. Kh1 Nf6 17. Ne5 Bc7 18. Be2 Ne4 19. b4 f6 20. Ned3 e5 21. Nh5 Be6
22. f4 O-O-O 23. fxe5 fxe5 24. Nxe5 Bxe5 25. dxe5 Nxg3+ 26. hxg3 Rxg3 27. Qd4
Rdg8 28. Rf2 R3g4 29. Bxg4 Rxg4 30. Qd2 d4 31. e4 Rh4+ 32. Kg2 Qxh5 33. Rg1
Rg4+ 0-1

[Event "Olimpiada Calviá 2004"]
[Site "Calviá ESP"]
[Date "2004.10.26"]
[Round "11.29"]
[White "Rama, Lorenc"]
[Black "Atakisi, Umut"]
[Result "0-1"]
[WhiteElo "2347"]
[BlackElo "2304"]
[PlyCount "54"]
[EventDate "2004.10.15"]
[EventType "team"]
[EventRounds "14"]
[EventCountry "ESP"]
[Source "lmi"]
[SourceDate "2004.10.27"]

1. d4 Nf6 2. c4 g6 3. Nc3 d5 4. cxd5 Nxd5 5. Bd2 Bg7 6. e4 Nb6 7. Be3 O-O 8.
Be2 Nc6 9. d5 Ne5 10. Bd4 c5 11. Bxc5 Nec4 12. Rc1 Nxb2 13. Qb3 Bxc3+ 14. Rxc3
N2a4 15. Bxb6 axb6 16. Re3 Nc5 17. Qc2 e6 18. Bf3 exd5 19. exd5 Bf5 20. Qd2 Re8
21. Ne2 Rxe3 22. fxe3 Nd3+ 23. Kf1 Qh4 24. g3 Qc4 25. Qc3 Bh3+ 26. Bg2 Bxg2+
27. Kxg2 Qe4+ 0-1

[Event "Olimpiada Calviá 2004"]
[Site "Calviá ESP"]
[Date "2004.10.26"]
[Round "11.29"]
[White "Erturan, Yakup"]
[Black "Karkanaqe, Ilir"]
[Result "1/2-1/2"]
[WhiteElo "2281"]
[BlackElo "2382"]
[PlyCount "33"]
[EventDate "2004.10.15"]
[EventType "team"]
[EventRounds "14"]
[EventCountry "ESP"]
[Source "lmi"]
[SourceDate "2004.10.27"]

1. e4 e5 2. Nf3 Nf6 3. Nxe5 d6 4. Nf3 Nxe4 5. Nc3 Nxc3 6. dxc3 Be7 7. Bf4 Nc6
8. Qd2 Bg4 9. Be2 Qd7 10. O-O-O O-O-O 11. h3 Be6 12. Kb1 a6 13. Rhe1 h6 14. h4
Bf6 15. g3 Rhe8 16. Nd4 Nxd4 17. cxd4 1/2-1/2

[Event "Olimpiada Calviá 2004"]
[Site "Calviá ESP"]
[Date "2004.10.26"]
[Round "11.29"]
[White "Mehmeti, Dritan"]
[Black "Karadeniz, Emre"]
[Result "1-0"]
[WhiteElo "2346"]
[BlackElo "2310"]
[PlyCount "83"]
[EventDate "2004.10.15"]
[EventType "team"]
[EventRounds "14"]
[EventCountry "ESP"]
[Source "lmi"]
[SourceDate "2004.10.27"]

1. d4 d5 2. Bg5 h6 3. Bh4 c6 4. e3 Qb6 5. Bd3 Qxb2 6. Nd2 Nd7 7. Ne2 Ngf6 8.
O-O e6 9. c4 Qb6 10. Rb1 Qd8 11. f4 Be7 12. Nf3 O-O 13. Ne5 c5 14. Bxf6 Nxf6
15. g4 dxc4 16. Bc2 cxd4 17. Nxd4 Nd5 18. Nxc4 Bc5 19. Qd3 g6 20. Rfd1 Qh4 21.
Ne5 Rd8 22. Nxf7 Nxf4 23. exf4 Qxg4+ 24. Kh1 Kxf7 25. Rg1 Qh5 26. Qg3 Qd5+ 27.
Nf3 Bxg1 28. Qxg6+ Ke7 29. Qg7+ Kd6 30. Rd1 Qxd1 31. Bxd1 Bc5 32. Ne5 Bd7 33.
Nxd7 Rxd7 34. Qe5+ Kc6 35. Ba4+ b5 36. Qe4+ Kc7 37. Qxa8 bxa4 38. Qe4 Rd1+ 39.
Kg2 Rd2+ 40. Kh3 Rxa2 41. Qxe6 Rc2 42. Qf7+ 1-0

[Event "Olimpiada Calviá 2004"]
[Site "Calviá ESP"]
[Date "2004.10.26"]
[Round "11.30"]
[White "Goh Koon-Jong, Jason"]
[Black "Hamdouchi, Hichem"]
[Result "1-0"]
[WhiteElo "2419"]
[BlackElo "2575"]
[PlyCount "105"]
[EventDate "2004.10.15"]
[EventType "team"]
[EventRounds "14"]
[EventCountry "ESP"]
[Source "lmi"]
[SourceDate "2004.10.27"]

1. d4 e6 2. c4 c5 3. d5 exd5 4. cxd5 d6 5. Nc3 g6 6. Nf3 Bg7 7. Bf4 Nf6 8. Qa4+
Bd7 9. Qb3 Qc7 10. e4 O-O 11. Be2 b5 12. Bxb5 Nxe4 13. Nxe4 Qa5+ 14. Bd2 Qxb5
15. Qxb5 Bxb5 16. Nxd6 Ba6 17. O-O-O Rd8 18. Rhe1 Nd7 19. Be3 Nb6 20. Ne4 Nc4
21. b3 Nxe3 22. Rxe3 c4 23. b4 Bb7 24. Nc3 Bh6 25. Kc2 Bxe3 26. fxe3 f5 27. Rd4
h6 28. Ne5 Kg7 29. Nxc4 Rac8 30. Kb3 g5 31. g3 Rc7 32. d6 Rf7 33. b5 Bc8 34.
Kb4 Re8 35. a4 Be6 36. Ne5 Rb7 37. Nd3 Rf7 38. Nc5 Bd7 39. Nd5 Re5 40. a5 Be8
41. a6 f4 42. gxf4 gxf4 43. exf4 Re2 44. Nc3 Rb2+ 45. Ka3 Rxh2 46. d7 Bxd7 47.
Nxd7 Rh5 48. Kb4 Rhf5 49. b6 axb6 50. Nb5 Rxf4 51. a7 Rxd4+ 52. Nxd4 Rxd7 53.
Nf5+ 1-0

[Event "Olimpiada Calviá 2004"]
[Site "Calviá ESP"]
[Date "2004.10.26"]
[Round "11.30"]
[White "Sebbar, Ali"]
[Black "Goh, Weiming"]
[Result "0-1"]
[WhiteElo "2116"]
[BlackElo "2353"]
[PlyCount "128"]
[EventDate "2004.10.15"]
[EventType "team"]
[EventRounds "14"]
[EventCountry "ESP"]
[Source "lmi"]
[SourceDate "2004.10.27"]

1. e4 c5 2. Nf3 e6 3. d4 cxd4 4. Nxd4 a6 5. Bd3 Bc5 6. Nb3 Ba7 7. Qg4 Nf6 8.
Qg3 d6 9. O-O Nc6 10. Kh1 e5 11. Nc3 Be6 12. Bg5 h6 13. Bxf6 Qxf6 14. Nd5 Bxd5
15. exd5 Ne7 16. f4 e4 17. Bxe4 O-O 18. f5 Kh8 19. c3 Ng8 20. Rae1 Rae8 21. Na5
Re7 22. Nc4 Bb8 23. h3 Rfe8 24. Bd3 Bc7 25. Nd2 Rxe1 26. Rxe1 Qg5 27. Qf2 Bb6
28. Qf1 Rxe1 29. Qxe1 Nf6 30. Nc4 Bc5 31. b4 b5 32. bxc5 bxc4 33. Bxc4 dxc5 34.
Bd3 Qf4 35. c4 Qd6 36. Qe3 Kg8 37. a4 Kf8 38. a5 Qc7 39. Qd2 Ke7 40. Bc2 Nd7
41. Ba4 Ne5 42. Qc3 Kd6 43. Qb3 f6 44. Kg1 Ke7 45. Qb6 Qxb6 46. axb6 Kd6 47.
Bb3 Nd7 48. b7 Kc7 49. Ba4 Ne5 50. Bb3 Kxb7 51. Kf2 Kc7 52. Ke3 Kd6 53. Kd2 h5
54. h4 Nf7 55. Bd1 Nh6 56. Bxh5 Nxf5 57. Bg4 Nxh4 58. g3 Ng6 59. Kc3 Kc7 60.
Bd1 Ne5 61. Bc2 Kd6 62. Kb3 a5 63. Bd1 f5 64. Bc2 g6 0-1

[Event "Olimpiada Calviá 2004"]
[Site "Calviá ESP"]
[Date "2004.10.26"]
[Round "11.30"]
[White "Chan, Peng-Kong"]
[Black "Naciri, Zouhir"]
[Result "1/2-1/2"]
[WhiteElo "2339"]
[BlackElo "2170"]
[PlyCount "89"]
[EventDate "2004.10.15"]
[EventType "team"]
[EventRounds "14"]
[EventCountry "ESP"]
[Source "lmi"]
[SourceDate "2004.10.27"]

1. d4 d5 2. Nf3 e6 3. c4 Nf6 4. Nc3 Nbd7 5. Bg5 Be7 6. e3 O-O 7. Qc2 c6 8. h3
Re8 9. cxd5 exd5 10. Bd3 Nf8 11. O-O g6 12. Rab1 Ne6 13. Bh6 Ng7 14. Bxg7 Kxg7
15. b4 a6 16. a4 Bd6 17. b5 axb5 18. axb5 Ra3 19. bxc6 bxc6 20. Ra1 Qa5 21.
Rxa3 Qxa3 22. Nb1 Qa8 23. Rc1 Bd7 24. Nbd2 Qa3 25. Rb1 Rb8 26. Ne5 Be8 27. Rxb8
Bxb8 28. Nb1 Qa5 29. Nf3 Bd6 30. Nfd2 Bd7 31. Kf1 Bb8 32. Qc3 Qa7 33. Qb2 Bd6
34. Nc3 Qa5 35. Nb3 Qb4 36. Na2 Qa4 37. Nc3 Qb4 38. Na2 Qa4 39. Nc3 Qb4 40. Qc2
Qa3 41. Nb1 Qb4 42. Nc3 Bc8 43. Ke2 Bd7 44. f4 h5 45. Nb1 1/2-1/2

[Event "Olimpiada Calviá 2004"]
[Site "Calviá ESP"]
[Date "2004.10.26"]
[Round "11.32"]
[White "Sharavdorj, Dashzeveg"]
[Black "Reefat, Bin-Sattar"]
[Result "1/2-1/2"]
[WhiteElo "2466"]
[BlackElo "2462"]
[PlyCount "73"]
[EventDate "2004.10.15"]
[EventType "team"]
[EventRounds "14"]
[EventCountry "ESP"]
[Source "lmi"]
[SourceDate "2004.10.27"]

1. d4 d5 2. c4 c6 3. Nf3 Nf6 4. Nc3 dxc4 5. a4 Bf5 6. Ne5 Nbd7 7. Nxc4 Qc7 8.
g3 e5 9. dxe5 Nxe5 10. Bf4 Nfd7 11. Bg2 g5 12. Ne3 gxf4 13. Nxf5 O-O-O 14. Qc2
Nc5 15. O-O Ne6 16. Qe4 a5 17. gxf4 Nd7 18. e3 Bb4 19. Qc2 Ndc5 20. Rfd1 Rxd1+
21. Rxd1 Rd8 22. Bf3 Rxd1+ 23. Bxd1 Qd8 24. Be2 Kb8 25. Ng3 Bxc3 26. bxc3 h6
27. f5 Nf8 28. Bc4 Qf6 29. Be2 Nfd7 30. f4 Qe7 31. e4 f6 32. Qd1 Kc7 33. Qd4
Qd6 34. Nh5 Qxd4+ 35. cxd4 Nxe4 36. Bd3 Nc3 37. Bc2 1/2-1/2

[Event "Olimpiada Calviá 2004"]
[Site "Calviá ESP"]
[Date "2004.10.26"]
[Round "11.32"]
[White "Abdulla, Al-Rakib"]
[Black "Hatanbaatar, Bazar"]
[Result "0-1"]
[WhiteElo "2474"]
[BlackElo "2427"]
[PlyCount "150"]
[EventDate "2004.10.15"]
[EventType "team"]
[EventRounds "14"]
[EventCountry "ESP"]
[Source "lmi"]
[SourceDate "2004.10.27"]

1. d4 Nf6 2. c4 e6 3. Bg5 h6 4. Bh4 b6 5. e3 Bb7 6. Nc3 Be7 7. Nf3 c5 8. Be2
cxd4 9. Nxd4 a6 10. Bf3 Ra7 11. O-O O-O 12. Rc1 Bxf3 13. Qxf3 Rc7 14. Na4 Ra7
15. b3 Qc7 16. Rfd1 Rc8 17. Nc3 Qb7 18. Qxb7 Rxb7 19. Kf1 Kf8 20. Ke2 Nc6 21.
Bxf6 gxf6 22. Nxc6 Rxc6 23. a4 f5 24. Kf3 Rbc7 25. Ne2 Bf6 26. h3 h5 27. Rb1 h4
28. Rd2 Ke7 29. Rbd1 Rc5 30. Nf4 Ra5 31. Nd3 d5 32. cxd5 Rxd5 33. Nf4 Rxd2 34.
Rxd2 Rc3 35. Rd3 Rc2 36. g3 Bg5 37. Kg2 b5 38. axb5 axb5 39. Nh5 b4 40. Kf1
hxg3 41. Nxg3 f4 42. exf4 Bxf4 43. Kg2 f5 44. Nf1 e5 45. Ne3 Bxe3 46. Rxe3 Kf6
47. h4 e4 48. Rg3 f4 49. Rg4 Ke5 50. Rg5+ Kd4 51. Rf5 f3+ 52. Kg3 Rc8 53. h5
Rg8+ 54. Kf4 Kd3 55. h6 Rh8 56. Rh5 e3 57. Kxf3 Rf8+ 58. Kg2 Rxf2+ 59. Kg1 Rf8
60. h7 e2 61. Re5 Kd2 62. Rd5+ Kc3 63. Re5 Rh8 64. Kf2 Rxh7 65. Re3+ Kc2 66.
Kxe2 Rh2+ 67. Ke1 Rh1+ 68. Ke2 Rh2+ 69. Ke1 Rh8 70. Re4 Kxb3 71. Kd2 Rc8 72.
Rd4 Ka3 73. Rd7 b3 74. Ra7+ Kb2 75. Rd7 Ra8 0-1

[Event "Olimpiada Calviá 2004"]
[Site "Calviá ESP"]
[Date "2004.10.26"]
[Round "11.32"]
[White "Erhembayar, Duurenbayar"]
[Black "Hossain, Enamul"]
[Result "0-1"]
[WhiteElo "2332"]
[BlackElo "2413"]
[PlyCount "88"]
[EventDate "2004.10.15"]
[EventType "team"]
[EventRounds "14"]
[EventCountry "ESP"]
[Source "lmi"]
[SourceDate "2004.10.27"]

1. d4 d5 2. Nf3 Nf6 3. c4 c6 4. Nc3 dxc4 5. a4 Bf5 6. e3 e6 7. Bxc4 Bb4 8. O-O
O-O 9. Qb3 Qe7 10. h3 a5 11. Na2 Bd6 12. Bd3 Bxd3 13. Qxd3 Nbd7 14. Nc3 h6 15.
e4 Bb4 16. Na2 Rfd8 17. Nxb4 axb4 18. Bd2 e5 19. Rfe1 exd4 20. e5 Ne8 21. Qxd4
c5 22. Qe4 Nf8 23. Be3 b6 24. Nh4 Qe6 25. f4 Nd6 26. Qf3 Nf5 27. Nxf5 Qxf5 28.
a5 Rxa5 29. Rxa5 bxa5 30. Bxc5 Ne6 31. Bb6 Rd2 32. Qa8+ Kh7 33. Qe4 g6 34. b3
Qxf4 35. Qb7 Nd4 36. Kh1 Nc2 37. Rg1 Qf5 38. Bxa5 Ne3 39. Bxb4 Nxg2 40. Rxg2
Qxh3+ 41. Kg1 Qe3+ 42. Kh2 Qxe5+ 43. Kg1 Qe1+ 44. Kh2 Qh4+ 0-1

[Event "Olimpiada Calviá 2004"]
[Site "Calviá ESP"]
[Date "2004.10.26"]
[Round "11.32"]
[White "Ahmed, Sk  Nasir"]
[Black "Byambaa, Zulzaga"]
[Result "1-0"]
[WhiteElo "2359"]
[BlackElo "2299"]
[PlyCount "139"]
[EventDate "2004.10.15"]
[EventType "team"]
[EventRounds "14"]
[EventCountry "ESP"]
[Source "lmi"]
[SourceDate "2004.10.27"]

1. e4 d6 2. d4 Nf6 3. Nc3 g6 4. Bg5 Bg7 5. f4 O-O 6. Qd2 c6 7. Bd3 Qb6 8. e5
Nd5 9. Nxd5 cxd5 10. c3 Nd7 11. Ne2 f6 12. exf6 exf6 13. Bh4 f5 14. a4 Bf6 15.
Bg5 Bg7 16. O-O Nf6 17. Bxf6 Bxf6 18. a5 Qc7 19. Bc2 Be6 20. Bb3 Kh8 21. Nc1
Rg8 22. Nd3 g5 23. Nb4 gxf4 24. Bxd5 Rae8 25. Rae1 f3 26. Bxf3 Bg5 27. Qc2 Bc4
28. Be2 Be3+ 29. Kh1 f4 30. Bxc4 Qxc4 31. Qf5 Ref8 32. Qd5 Qc7 33. Nc2 Qe7 34.
Qf3 Qg5 35. Qh3 Re8 36. Re2 Rg6 37. Nxe3 Rxe3 38. Rxe3 fxe3 39. Qf3 Rg8 40. Kg1
h6 41. Qf6+ Kh7 42. Qxg5 Rxg5 43. b4 Rg7 44. Rf3 Re7 45. Kf1 e2+ 46. Ke1 Kg6
47. b5 a6 48. b6 Kg5 49. Rf2 Re3 50. Rf7 Rxc3 51. Rxb7 Ra3 52. Rg7+ Kf4 53. b7
Rb3 54. Kxe2 Ke4 55. Rg6 Rb2+ 56. Kd1 Kd5 57. Rxh6 Rxb7 58. Rh4 Kc4 59. g4 Rg7
60. h3 Kxd4 61. Rh6 d5 62. Kd2 Rf7 63. g5 Rf2+ 64. Ke1 Rg2 65. h4 Ke5 66. Rxa6
Rg4 67. Rh6 Ra4 68. a6 Kf5 69. Rf6+ Ke4 70. g6 1-0

[Event "Olimpiada Calviá 2004"]
[Site "Calviá ESP"]
[Date "2004.10.26"]
[Round "11.33"]
[White "Lima, Darcy"]
[Black "Gonzalez Zamora, Juan Carlo"]
[Result "1/2-1/2"]
[WhiteElo "2533"]
[BlackElo "2524"]
[PlyCount "185"]
[EventDate "2004.10.15"]
[EventType "team"]
[EventRounds "14"]
[EventCountry "ESP"]
[Source "lmi"]
[SourceDate "2004.10.27"]

1. e4 c5 2. Nf3 d6 3. d4 cxd4 4. Nxd4 Nf6 5. Nc3 Nc6 6. Bg5 e6 7. Qd2 a6 8.
O-O-O Bd7 9. f4 h6 10. Bh4 Nxe4 11. Qe1 Nf6 12. Nf5 Qa5 13. Nxd6+ Bxd6 14. Rxd6
O-O-O 15. Rd1 Kb8 16. Be2 Ne7 17. Bf3 Bc6 18. Qe5+ Qxe5 19. fxe5 Rxd1+ 20. Rxd1
Nfd5 21. Nxd5 Nxd5 22. Rd2 Rc8 23. Bxd5 Bxd5 24. b3 g5 25. Be1 h5 26. Kb2 b5
27. Rf2 Be4 28. Bb4 g4 29. g3 Bf5 30. Rd2 Be4 31. c3 Bd5 32. Rd4 Rh8 33. Be7
Kb7 34. Rf4 Kc6 35. Rxf7 Be4 36. Bf6 Rh7 37. Rxh7 Bxh7 38. c4 bxc4 39. bxc4 Bd3
40. Kc3 Bf1 41. Kd4 Be2 42. Be7 Bf1 43. c5 Bb5 44. Ke4 Ba4 45. Bd6 Bb5 46. Kf4
Kd5 47. Kg5 Be8 48. Kf6 Bb5 49. Kg6 Be8+ 50. Kg5 Kc6 51. Kf6 Kd5 52. Ke7 Bb5
53. Kd8 Kc6 54. a3 Ba4 55. Ke8 Bb5 56. Ke7 Kd5 57. Kf7 Ba4 58. Kf6 Bb5 59. Kg6
Be8+ 60. Kg5 Kc6 61. Kf4 Kd5 62. Ke3 Bb5 63. Kf4 Ba4 64. Kg5 Be8 65. Kh6 Kc6
66. Kg7 Kd5 67. Kf6 Bb5 68. Ke7 Ba4 69. Kd8 Kc6 70. Bf8 Bb5 71. Ke7 Kd5 72. Kf6
Ba4 73. Bd6 Bb5 74. Kg5 Be8 75. Kh4 Kc6 76. h3 gxh3 77. Kxh3 Kd5 78. Kh4 Kc6
79. Kg5 Kd5 80. Kf4 Bb5 81. Ke3 Ba4 82. Kd3 Bb5+ 83. Ke3 Ba4 84. Kf4 Bb5 85. g4
hxg4 86. Kxg4 Bc6 87. Kf4 a5 88. Kg5 a4 89. Kf6 Bb5 90. Ke7 Bc6 91. Kd8 Bb5 92.
Kc7 Bc6 93. Kb6 1/2-1/2

[Event "Olimpiada Calviá 2004"]
[Site "Calviá ESP"]
[Date "2004.10.26"]
[Round "11.33"]
[White "Gonzalez Garcia, Jose"]
[Black "Braga, Cicero"]
[Result "1-0"]
[WhiteElo "2447"]
[BlackElo "2441"]
[PlyCount "77"]
[EventDate "2004.10.15"]
[EventType "team"]
[EventRounds "14"]
[EventCountry "ESP"]
[Source "lmi"]
[SourceDate "2004.10.27"]

1. d4 Nf6 2. c4 g6 3. Nc3 Bg7 4. e4 d6 5. Be2 O-O 6. Nf3 e5 7. Be3 Ng4 8. Bg5
f6 9. Bc1 Nc6 10. d5 Ne7 11. h3 Nh6 12. h4 c6 13. h5 g5 14. Nh2 cxd5 15. cxd5
Bd7 16. g4 Qa5 17. Bd2 Nf7 18. Nf1 Rfb8 19. a4 Qd8 20. Ne3 Bf8 21. Kf1 Nc8 22.
Bb5 a6 23. Bxd7 Qxd7 24. Kg2 Nh6 25. Qf3 Be7 26. Ne2 Nb6 27. b3 Rf8 28. Ba5 Bd8
29. Ng3 Rc8 30. Rac1 Kh8 31. Bb4 Rxc1 32. Rxc1 Nc8 33. Ngf5 Nxf5 34. Qxf5 Qxf5
35. Nxf5 Bb6 36. Nxd6 Nxd6 37. Bxd6 Rf7 38. Rc8+ Kg7 39. h6+ 1-0

[Event "Olimpiada Calviá 2004"]
[Site "Calviá ESP"]
[Date "2004.10.26"]
[Round "11.33"]
[White "Fier, Alexander Hila"]
[Black "Espinosa, Rafael"]
[Result "1/2-1/2"]
[WhiteElo "2365"]
[BlackElo "2412"]
[PlyCount "146"]
[EventDate "2004.10.15"]
[EventType "team"]
[EventRounds "14"]
[EventCountry "ESP"]
[Source "lmi"]
[SourceDate "2004.10.27"]

1. e4 c5 2. Nf3 Nc6 3. d4 cxd4 4. Nxd4 e5 5. Nb5 d6 6. N1c3 Nf6 7. Bg5 a6 8.
Na3 b5 9. Bxf6 gxf6 10. Nd5 Bg7 11. Bd3 Ne7 12. Nxe7 Qxe7 13. O-O f5 14. c4 O-O
15. Qf3 d5 16. cxd5 fxe4 17. Bxe4 Rb8 18. Rad1 Rb6 19. Qd3 Qd7 20. Bxh7+ Kh8
21. Qe3 Rd6 22. Bc2 f5 23. f4 e4 24. b4 Bb2 25. Rb1 Qg7 26. Rfd1 Rg8 27. g3
Rgd8 28. Rd2 Bc3 29. Rdd1 Bb2 30. Rd2 Qc3 31. Qxc3+ Bxc3 32. Rdd1 Rxd5 33. Rxd5
Rxd5 34. Bb3 Rd3 35. Nc2 Rd2 36. Rf1 Bd7 37. Rf2 Rd3 38. Re2 Be8 39. g4 fxg4
40. Rxe4 Bg6 41. Re2 Bd2 42. Be6 Bxf4 43. Bxg4 Rd1+ 44. Ne1 Bd2 45. Kf2 Bxb4
46. Nf3 Bc5+ 47. Kg3 Bf7 48. Ng5 Rg1+ 49. Kf4 Bc4 50. Re8+ Kg7 51. Ne6+ Bxe6
52. Rxe6 a5 53. Rc6 Rc1 54. Kf5 a4 55. Rc7+ Kh6 56. h4 Ba3 57. Rb7 Rc5+ 58. Ke4
Rc4+ 59. Kf3 b4 60. h5 Rc3+ 61. Ke4 Rc4+ 62. Kf5 Rc5+ 63. Kf6 Bb2+ 64. Kf7 Bc3
65. Bd1 Rf5+ 66. Ke8 Re5+ 67. Kf7 Rf5+ 68. Ke6 Re5+ 69. Kd6 b3 70. Bxb3 axb3
71. Rxb3 Ba1 72. Rb1 Bc3 73. Rb3 Ba1 1/2-1/2

[Event "Olimpiada Calviá 2004"]
[Site "Calviá ESP"]
[Date "2004.10.26"]
[Round "11.34"]
[White "Kelly, Brian"]
[Black "De La Riva Aguado, Oscar"]
[Result "0-1"]
[WhiteElo "2494"]
[BlackElo "2528"]
[PlyCount "46"]
[EventDate "2004.10.15"]
[EventType "team"]
[EventRounds "14"]
[EventCountry "ESP"]
[Source "lmi"]
[SourceDate "2004.10.27"]

1. d4 d5 2. c4 c6 3. Nc3 Nf6 4. e3 a6 5. Nf3 b5 6. b3 Bg4 7. h3 Bxf3 8. gxf3
Nbd7 9. f4 e6 10. c5 Ne4 11. Nxe4 dxe4 12. Bd2 f5 13. Rg1 g6 14. Qc2 Be7 15.
O-O-O Bh4 16. Rg2 Nf6 17. Be2 a5 18. f3 a4 19. fxe4 Nxe4 20. Bf3 axb3 21. axb3
Qd5 22. Be1 Bxe1 23. Bxe4 Qxe4 0-1

[Event "Olimpiada Calviá 2004"]
[Site "Calviá ESP"]
[Date "2004.10.26"]
[Round "11.34"]
[White "Oms Pallise, Josep"]
[Black "Collins, Sam E"]
[Result "1-0"]
[WhiteElo "2508"]
[BlackElo "2387"]
[PlyCount "89"]
[EventDate "2004.10.15"]
[EventType "team"]
[EventRounds "14"]
[EventCountry "ESP"]
[Source "lmi"]
[SourceDate "2004.10.27"]

1. d4 Nf6 2. c4 e6 3. Nf3 d5 4. e3 Be7 5. Nbd2 O-O 6. Bd3 c5 7. b3 cxd4 8. exd4
b6 9. Bb2 Bb7 10. Qe2 Nbd7 11. O-O Rc8 12. Rac1 Rc7 13. Ne5 dxc4 14. bxc4 Nxe5
15. Qxe5 Qd6 16. f4 Qxe5 17. fxe5 Ng4 18. Nf3 Rfc8 19. Rfe1 Ba6 20. d5 Bc5+ 21.
Bd4 Rd8 22. h3 Nh6 23. d6 Rcc8 24. Bxc5 Rxc5 25. Nd4 Nf5 26. Bxf5 exf5 27. e6
fxe6 28. Nxe6 Rxd6 29. Nxc5 bxc5 30. Re7 h5 31. Rxa7 Rb6 32. Rc3 Kh7 33. h4 Kh6
34. a4 Rb1+ 35. Kh2 Bb7 36. Rc2 g5 37. hxg5+ Kxg5 38. a5 Be4 39. Ra2 h4 40.
Rg7+ Kf4 41. Rh7 Kg5 42. a6 f4 43. Re7 Ba8 44. Re8 Bc6 45. a7 1-0